[Event "WC-2016-S-00003"]
[Site "LSS email"]
[Date "2016.07.28"]
[Round "?"]
[White "Moormann, Joerg"]
[Black "Claridge, John"]
[Result "0-1"]
[WhiteElo "2361"]
[BlackElo "2449"]
[PlyCount "40"]
[EventDate "2016.08.03"]
[EventType "tourn (corr)"]
[EventRounds "12"]
[EventCountry "GER"]
[SourceTitle "Corr 2022"]
[Source "ChessBase"]
[SourceDate "2021.10.24"]
[SourceVersion "1"]
[SourceVersionDate "2021.10.24"]
[SourceQuality "1"]

1. e4 g6 2. d4 Bg7 3. Nc3 d6 4. f4 a6 5. Nf3 b5 6. Bd3 Nd7 7. e5 c5 8. Be3 Bb7 9. Be4 Bxe4 10. Nxe4 Nh6 11. dxc5 dxe5 12. c6 Nf6 13. Nxf6+ exf6 14. fxe5 fxe5 15. 0-0 Nf5 16. Qxd8+ Rxd8 17. c7 Rc8 18. Bb6 Kd7 19. Ng5 Kc6 20. Ba5 e4 0-1

[Event "WC-2016-S-00003"]
[Site "LSS email"]
[Date "2016.07.28"]
[Round "?"]
[White "Zavrazhnov, Andrej"]
[Black "Moormann, Joerg"]
[Result "1-0"]
[WhiteElo "2319"]
[BlackElo "2361"]
[PlyCount "43"]
[EventDate "2016.08.03"]
[EventType "tourn (corr)"]
[EventRounds "12"]
[EventCountry "GER"]
[SourceTitle "Corr 2022"]
[Source "ChessBase"]
[SourceDate "2021.10.24"]
[SourceVersion "1"]
[SourceVersionDate "2021.10.24"]
[SourceQuality "1"]

1. Nf3 d5 2. c4 d4 3. g3 c5 4. e3 Nc6 5. exd4 cxd4 6. Bg2 e5 7. d3 Nf6 8. 0-0 Bd6 9. Bg5 h6 10. Bxf6 Qxf6 11. Nbd2 Bc7 12. a3 a5 13. Re1 0-0 14. Qa4 Be6 15. Rac1 Rfb8 16. c5 Bd5 17. Ne4 Qe6 18. Nfd2 f5 19. Nd6 Bxd6 20. cxd6 Bxg2 21. Kxg2 Qd5+ 22. Kg1 1-0

[Event "CP-2016-S-00001"]
[Site "LSS email"]
[Date "2016.03.06"]
[Round "?"]
[White "Moormann, Joerg"]
[Black "Sadowski, Marek"]
[Result "0-1"]
[WhiteElo "2365"]
[BlackElo "2245"]
[PlyCount "60"]
[EventDate "2016.03.10"]
[EventType "tourn (corr)"]
[EventRounds "7"]
[EventCountry "GER"]
[SourceTitle "Corr 2022"]
[Source "ChessBase"]
[SourceDate "2021.10.24"]
[SourceVersion "1"]
[SourceVersionDate "2021.10.24"]
[SourceQuality "1"]

1. d4 Nf6 2. c4 e6 3. Nc3 Bb4 4. e3 0-0 5. Nge2 d5 6. a3 Bd6 7. Ng3 c6 8. Be2 dxc4 9. Bxc4 e5 10. dxe5 Bxe5 11. Qc2 Nbd7 12. 0-0 Nb6 13. Bd3 h5 14. Bd2 h4 15. Nf5 g6 16. Nxh4 Bxh2+ 17. Kxh2 Ng4+ 18. Kg3 Ne5 19. Rh1 Qxd3 20. Qxd3 Nxd3 21. e4 Nxb2 22. Bg5 f6 23. Nxg6 Rf7 24. Bh6 Be6 25. Ne2 Re8 26. Nef4 Bc8 27. f3 Nd7 28. Kf2 Rh7 29. g4 Nc4 30. g5 a5 0-1

[Event "CP-2015-P-00028"]
[Site "LSS email"]
[Date "2015.09.28"]
[Round "?"]
[White "Moormann, Joerg"]
[Black "Huseby, Juan Carlos"]
[Result "1-0"]
[WhiteElo "2365"]
[BlackElo "346"]
[PlyCount "39"]
[EventDate "2015.10.01"]
[EventType "tourn (corr)"]
[EventRounds "6"]
[EventCountry "GER"]
[SourceTitle "Corr 2022"]
[Source "ChessBase"]
[SourceDate "2021.10.24"]
[SourceVersion "1"]
[SourceVersionDate "2021.10.24"]
[SourceQuality "1"]

1. e4 e5 2. Nf3 d6 3. d4 Bg4 4. dxe5 Bxf3 5. Qxf3 dxe5 6. Qb3 Bc5 7. Bc4 Qf6 8. Qxb7 Qxf2+ 9. Kd1 Qxg2 10. Qc8+ Ke7 11. Rf1 Nf6 12. Qxh8 Qxe4 13. Qxg7 Qd4+ 14. Nd2 Nbd7 15. Qxf7+ Kd8 16. Rxf6 Qg1+ 17. Rf1 Qg4+ 18. Nf3 e4 19. Bg5+ Kc8 20. Ba6+ 1-0

[Event "WC-2015-Q-00001"]
[Site "LSS email"]
[Date "2015.09.08"]
[Round "?"]
[White "Bubnov, Vladimir"]
[Black "Moormann, Joerg"]
[Result "1/2-1/2"]
[WhiteElo "2286"]
[BlackElo "2365"]
[PlyCount "66"]
[EventDate "2015.09.15"]
[EventType "tourn (corr)"]
[EventRounds "12"]
[EventCountry "GER"]
[SourceTitle "Corr 2022"]
[Source "ChessBase"]
[SourceDate "2021.10.24"]
[SourceVersion "1"]
[SourceVersionDate "2021.10.24"]
[SourceQuality "1"]

1. d4 d5 2. c4 e6 3. Nc3 c6 4. e4 dxe4 5. Nxe4 Bb4+ 6. Nc3 Nf6 7. Nf3 c5 8. Be2 Nc6 9. Be3 0-0 10. 0-0 Ng4 11. d5 Nxe3 12. fxe3 exd5 13. Nxd5 Ba5 14. Qb3 Nb4 15. e4 Re8 16. Rad1 Nxd5 17. e5 Bc7 18. cxd5 Bxe5 19. Nxe5 Rxe5 20. Bc4 Bg4 21. Rde1 Rxe1 22. Rxe1 b6 23. Qe3 Qd7 24. a4 Rd8 25. Qf4 Bf5 26. h3 Qxa4 27. Qxf5 Qxc4 28. Qd7 Rf8 29. d6 Qh4 30. Re8 g6 31. Rxf8+ Kxf8 32. Qc8+ Kg7 33. d7 Qe1+ 1/2-1/2

[Event "WC-2015-Q-00001"]
[Site "LSS email"]
[Date "2015.09.08"]
[Round "?"]
[White "Moormann, Joerg"]
[Black "Johansson, Krister"]
[Result "1/2-1/2"]
[WhiteElo "2365"]
[BlackElo "2267"]
[PlyCount "77"]
[EventDate "2015.09.15"]
[EventType "tourn (corr)"]
[EventRounds "12"]
[EventCountry "GER"]
[SourceTitle "Corr 2022"]
[Source "ChessBase"]
[SourceDate "2021.10.24"]
[SourceVersion "1"]
[SourceVersionDate "2021.10.24"]
[SourceQuality "1"]

1. e4 e6 2. d4 d5 3. Nd2 Nf6 4. e5 Nfd7 5. Bd3 c5 6. c3 Nc6 7. Ne2 cxd4 8. cxd4 f6 9. exf6 Nxf6 10. 0-0 Bd6 11. Nf3 Qc7 12. g3 0-0 13. Bf4 Ng4 14. Rc1 Bxf4 15. Nxf4 Rxf4 16. gxf4 Qxf4 17. Rc3 e5 18. Qd2 Qxd2 19. Nxd2 Nxd4 20. Nb3 Nf3+ 21. Kg2 Ngxh2 22. Be2 Bg4 23. Bxf3 Nxf3 24. Rxf3 Bxf3+ 25. Kxf3 Rf8+ 26. Kg3 h5 27. Rd1 d4 28. Nd2 h4+ 29. Kg2 Rc8 30. Nf3 Rc2 31. Nxe5 Rxb2 32. Rxd4 Rxa2 33. Rxh4 Ra5 34. Re4 Rd5 35. Kf3 a5 36. Kf4 Rd2 37. Ke3 Rd6 38. Nd3 Kf7 39. Rf4+ 1/2-1/2

[Event "WC-2015-Q-00001"]
[Site "LSS email"]
[Date "2015.09.08"]
[Round "?"]
[White "Moormann, Joerg"]
[Black "Larin, Igor"]
[Result "1/2-1/2"]
[WhiteElo "2365"]
[BlackElo "2225"]
[PlyCount "69"]
[EventDate "2015.09.15"]
[EventType "tourn (corr)"]
[EventRounds "12"]
[EventCountry "GER"]
[SourceTitle "Corr 2022"]
[Source "ChessBase"]
[SourceDate "2021.10.24"]
[SourceVersion "1"]
[SourceVersionDate "2021.10.24"]
[SourceQuality "1"]

1. d4 d5 2. c4 dxc4 3. e4 e5 4. Nf3 exd4 5. Bxc4 Nc6 6. 0-0 Be6 7. Bb5 Bc5 8. b4 Bb6 9. a4 a6 10. Bxc6+ bxc6 11. a5 Ba7 12. Bb2 Nf6 13. Nxd4 Bxd4 14. Bxd4 Rb8 15. f3 Rxb4 16. Bc3 Rb5 17. Qxd8+ Kxd8 18. Rc1 Kc8 19. Be1 Nd7 20. Na3 Rc5 21. Nc2 Rc4 22. Nb4 Kb7 23. Rab1 Rxc1 24. Rxc1 c5 25. Nd3 c4 26. Nf4 Rb8 27. Nxe6 fxe6 28. Rxc4 c5 29. Rc2 Kc6 30. Kf2 Rb3 31. Kg3 Kb5 32. Bc3 g6 33. Kf4 Kc4 34. Be1+ Kd4 35. Rd2+ 1/2-1/2

[Event "ST-2015-0-00124"]
[Site "LSS email"]
[Date "2015.09.06"]
[Round "?"]
[White "Moormann, Joerg"]
[Black "Mayer, Eduardo"]
[Result "1/2-1/2"]
[WhiteElo "2359"]
[BlackElo "2354"]
[PlyCount "67"]
[EventDate "2014.09.07"]
[EventType "tourn (corr)"]
[EventRounds "6"]
[EventCountry "GER"]
[SourceTitle "Corr 2022"]
[Source "ChessBase"]
[SourceDate "2021.10.24"]
[SourceVersion "1"]
[SourceVersionDate "2021.10.24"]
[SourceQuality "1"]

1. e4 e5 2. Nf3 Nc6 3. c3 d5 4. Qa4 f6 5. d3 Be6 6. Be2 Bd6 7. Nbd2 Nge7 8. 0-0 0-0 9. b4 Ng6 10. exd5 Bxd5 11. Nc4 Qd7 12. Qc2 Nce7 13. Re1 Nf5 14. a4 Rfe8 15. Nxd6 cxd6 16. Qd1 a5 17. b5 Rac8 18. Bb2 Nf4 19. Bf1 b6 20. g3 Ne6 21. d4 Rcd8 22. Rc1 g6 23. h4 Qf7 24. Bd3 Ba8 25. Nd2 Qg7 26. Bf1 Qf7 27. Bh3 Nfg7 28. Nf3 Qb7 29. Bg2 Nf5 30. Re2 Qf7 31. d5 Nc5 32. c4 Bb7 33. Ba3 Bc8 34. Re1 1/2-1/2

[Event "FICGS W-ch st1 gN 01 email"]
[Site "FICGS email"]
[Date "2015.07.02"]
[Round "1"]
[White "Moormann, Joerg"]
[Black "Helmer, Janos"]
[Result "1-0"]
[WhiteElo "2179"]
[BlackElo "2200"]
[PlyCount "93"]
[EventDate "2015.??.??"]
[EventType "tourn (corr)"]
[EventRounds "6"]
[SourceTitle "Corr 2022"]
[Source "ChessBase"]
[SourceDate "2021.10.24"]
[SourceVersion "1"]
[SourceVersionDate "2021.10.24"]
[SourceQuality "1"]

1. d4 Nf6 2. c4 g6 3. Nc3 Bg7 4. e4 d6 5. Nf3 0-0 6. Be2 e5 7. 0-0 Nc6 8. d5 Ne7 9. Ne1 Nd7 10. Be3 f5 11. f3 f4 12. Bf2 g5 13. Rc1 Ng6 14. c5 Nxc5 15. b4 Na6 16. Nd3 b6 17. a4 Bf6 18. Ra1 h5 19. a5 Nh4 20. axb6 cxb6 21. Nb5 Qd7 22. Qa4 g4 23. Bxh4 Bxh4 24. Rfc1 Bb7 25. Nb2 Rfc8 26. Nc4 Be7 27. fxg4 hxg4 28. Qd1 f3 29. Bxf3 gxf3 30. Qxf3 Bg5 31. Nbxd6 Bxc1 32. Rxc1 Rxc4 33. Nxc4 Rf8 34. Qh5 Qf7 35. Qg4+ Kh8 36. Qe2 Qf4 37. Rc3 Kg7 38. Qe1 Bc8 39. Rf3 Qh6 40. Rg3+ Kh7 41. Nxe5 b5 42. Nc6 Bd7 43. Ra3 Nb8 44. Nxb8 Rxb8 45. Rxa7 Rd8 46. h3 Qf4 47. Qf2 1-0

[Event "FICGS theme 0001 email"]
[Site "FICGS email"]
[Date "2014.12.19"]
[Round "1"]
[White "Moormann, Joerg"]
[Black "Sternik, Ryszard"]
[Result "1-0"]
[WhiteElo "2115"]
[BlackElo "1772"]
[PlyCount "101"]
[EventDate "2014.??.??"]
[EventType "swiss (corr)"]
[EventRounds "1"]
[SourceTitle "Corr 2022"]
[Source "ChessBase"]
[SourceDate "2021.10.24"]
[SourceVersion "1"]
[SourceVersionDate "2021.10.24"]
[SourceQuality "1"]

1. e4 c5 2. f4 d5 3. Nf3 dxe4 4. Ng5 Nf6 5. Bc4 Bg4 6. Bxf7+ Kd7 7. Qxg4+ Nxg4 8. Be6+ Kc6 9. Bxg4 g6 10. Ne6 Qe8 11. Nc3 h5 12. Bh3 Na6 13. Nxe4 Nb4 14. 0-0 Nxc2 15. b4 Nxa1 16. Bb2 Rg8 17. Rc1 b6 18. bxc5 Rc8 19. cxb6+ Kxb6 20. Bd4+ Ka5 21. N4c5 Qb5 22. Bc3+ Kb6 23. a4 Qxc5+ 24. Nxc5 Rxc5 25. Be6 Rxc3 26. dxc3 Rh8 27. Rxa1 Bg7 28. Rb1+ Kc5 29. g3 Bxc3 30. Bf7 e5 31. Rc1 Kb4 32. fxe5 Bxe5 33. Rc4+ Ka3 34. Bxg6 Rh6 35. Be8 Rh8 36. Bb5 Rd8 37. Re4 Bf6 38. Kg2 Rd2+ 39. Be2 Bc3 40. Kh3 Rd5 41. Rh4 Rd2 42. Bxh5 Bd4 43. Re4 Kxa4 44. g4 Kb5 45. g5 Kc5 46. Bf7 a5 47. Kg3 a4 48. g6 Rd1 49. Rxd4 Kxd4 50. Kf4 Rg1 51. h4 1-0

[Event "FICGS theme 0001 email"]
[Site "FICGS email"]
[Date "2014.12.19"]
[Round "1"]
[White "Ramos, Francisco Miguel R"]
[Black "Moormann, Joerg"]
[Result "0-1"]
[WhiteElo "1973"]
[BlackElo "2115"]
[PlyCount "56"]
[EventDate "2014.??.??"]
[EventType "swiss (corr)"]
[EventRounds "1"]
[SourceTitle "Corr 2022"]
[Source "ChessBase"]
[SourceDate "2021.10.24"]
[SourceVersion "1"]
[SourceVersionDate "2021.10.24"]
[SourceQuality "1"]

1. e4 c5 2. f4 d5 3. Nf3 dxe4 4. Ne5 Nd7 5. Bb5 Ngf6 6. Nc3 a6 7. Bxd7+ Nxd7 8. Nxe4 Nxe5 9. fxe5 g6 10. Nxc5 Qd5 11. d4 Qxg2 12. Rf1 Bh3 13. Qe2 Qxe2+ 14. Kxe2 Bxf1+ 15. Kxf1 b6 16. Ne4 Bg7 17. c4 f5 18. Ng5 Rc8 19. b3 b5 20. c5 h6 21. Ne6 Kf7 22. Nf4 g5 23. Nd3 Rhd8 24. Bb2 a5 25. a4 bxa4 26. Rxa4 Rb8 27. Nc1 Rb5 28. Bc3 Bxe5 0-1

[Event "FICGS W-ch st2 g01 email"]
[Site "FICGS email"]
[Date "2014.12.09"]
[Round "1"]
[White "Moormann, Joerg"]
[Black "Gazi, Miroslav"]
[Result "1/2-1/2"]
[WhiteElo "2115"]
[BlackElo "2190"]
[PlyCount "109"]
[EventDate "2014.??.??"]
[EventType "tourn (corr)"]
[EventRounds "8"]
[SourceTitle "Corr 2022"]
[Source "ChessBase"]
[SourceDate "2021.10.24"]
[SourceVersion "1"]
[SourceVersionDate "2021.10.24"]
[SourceQuality "1"]

1. d4 f5 2. g3 Nf6 3. Bg2 g6 4. c4 Bg7 5. Nf3 0-0 6. 0-0 d6 7. Nc3 Qe8 8. Nd5 Nxd5 9. cxd5 Nd7 10. Ng5 Nb6 11. Qc2 h6 12. Ne6 Bxe6 13. dxe6 c6 14. e4 d5 15. exf5 Rxf5 16. Bf4 Qf8 17. Rad1 Rxf4 18. gxf4 Kh7 19. Rd3 Qxf4 20. Rg3 Qf5 21. Qxf5 gxf5 22. Bh3 Rf8 23. Ra3 Nc8 24. Rd1 a6 25. f4 Nd6 26. Kf2 h5 27. Kf3 Kg6 28. Rad3 Bh6 29. Rg1+ Kf6 30. Rd2 Kxe6 31. Rg6+ Rf6 32. Rdg2 h4 33. b3 Kf7 34. Rxf6+ Kxf6 35. Rg8 Nb5 36. Ke3 c5 37. dxc5 e5 38. Kf2 e4 39. Rh8 Bxf4 40. Rf8+ Ke7 41. Rxf5 e3+ 42. Kf1 Bxh2 43. Bg4 Nc3 44. Rh5 Bg3 45. Rh7+ Kf6 46. Rxb7 h3 47. c6 d4 48. Rd7 h2 49. Kg2 e2 50. Bxe2 Nxe2 51. c7 Bxc7 52. Rxc7 d3 53. Rh7 Nf4+ 54. Kxh2 Ke5 55. Kg3 1/2-1/2

[Event "CP-2014-Q-00002"]
[Site "LSS email"]
[Date "2014.12.02"]
[Round "?"]
[White "Mudra, Oldrich"]
[Black "Moormann, Joerg"]
[Result "1/2-1/2"]
[WhiteElo "2125"]
[BlackElo "2359"]
[PlyCount "62"]
[EventDate "2014.12.08"]
[EventType "tourn (corr)"]
[EventRounds "6"]
[EventCountry "GER"]
[SourceTitle "Corr 2022"]
[Source "ChessBase"]
[SourceDate "2021.10.24"]
[SourceVersion "1"]
[SourceVersionDate "2021.10.24"]
[SourceQuality "1"]

1. d4 d5 2. Nf3 e6 3. g3 Nf6 4. Bg2 Be7 5. c4 0-0 6. 0-0 dxc4 7. Qc2 a6 8. a4 Bd7 9. Qxc4 Bc6 10. Bg5 Bd5 11. Qd3 c5 12. dxc5 Nbd7 13. Nc3 Nxc5 14. Qe3 Rc8 15. Rfd1 h6 16. Bxf6 Bxf6 17. Nxd5 exd5 18. Ne5 Re8 19. Rxd5 Qb6 20. Rb1 Nxa4 21. Qe4 g6 22. Qxa4 Rxe5 23. Rxe5 Bxe5 24. Qe4 Bxb2 25. Qxb7 Rb8 26. Qd5 a5 27. Qa2 Qc7 28. Bd5 Rb4 29. Kg2 Be5 30. Rb3 Rxb3 31. Qxb3 Qd7 1/2-1/2

[Event "CP-2014-Q-00002"]
[Site "LSS email"]
[Date "2014.12.02"]
[Round "?"]
[White "Tarasov, Grigoriy"]
[Black "Moormann, Joerg"]
[Result "1/2-1/2"]
[WhiteElo "2079"]
[BlackElo "2359"]
[PlyCount "114"]
[EventDate "2014.12.08"]
[EventType "tourn (corr)"]
[EventRounds "6"]
[EventCountry "GER"]
[SourceTitle "Corr 2022"]
[Source "ChessBase"]
[SourceDate "2021.10.24"]
[SourceVersion "1"]
[SourceVersionDate "2021.10.24"]
[SourceQuality "1"]

1. e4 e5 2. Nf3 Nc6 3. Bb5 a6 4. Ba4 Nf6 5. 0-0 Be7 6. Re1 b5 7. Bb3 d6 8. c3 0-0 9. h3 Na5 10. Bc2 c5 11. d4 Nd7 12. d5 Nb6 13. Nbd2 g6 14. Nf1 f5 15. Bh6 Rf7 16. b3 f4 17. Qe2 Bd7 18. N1d2 c4 19. b4 Nb7 20. a4 Nxa4 21. Bxa4 bxa4 22. Qxc4 Bb5 23. Qa2 a5 24. Reb1 Be8 25. b5 Nc5 26. Qa3 Rc8 27. c4 Bd7 28. Ne1 Bh4 29. Nd3 Nxd3 30. Qxd3 g5 31. c5 dxc5 32. Rxa4 Rf6 33. Bxg5 Bxg5 34. Nc4 Qe8 35. Rxa5 f3 36. b6 Qh5 37. b7 Rcf8 38. Nxe5 Bxh3 39. gxh3 Bf4 40. b8Q Qxh3 41. Qxf8+ Rxf8 42. Nxf3 Bh2+ 43. Kh1 Bb8+ 44. Kg1 Bh2+ 45. Kh1 Be5+ 46. Kg1 Rxf3 47. Ra8+ Kg7 48. Rb7+ Kg6 49. Rg8+ Kh6 50. Qd2+ Bf4 51. Rgg7 Bxd2 52. Rxh7+ Kg5 53. Rxh3 Rxh3 54. e5 c4 55. Kg2 Rh8 56. Rc7 c3 57. d6 Rg8 1/2-1/2

[Event "FICGS rapid M 000075 email"]
[Site "FICGS email"]
[Date "2014.11.07"]
[Round "1"]
[White "Moormann, Joerg"]
[Black "Burrows, Nick"]
[Result "1/2-1/2"]
[WhiteElo "2115"]
[BlackElo "2164"]
[PlyCount "32"]
[EventDate "2014.??.??"]
[EventType "tourn (rapid)"]
[EventRounds "6"]
[SourceTitle "Corr 2022"]
[Source "ChessBase"]
[SourceDate "2021.10.24"]
[SourceVersion "1"]
[SourceVersionDate "2021.10.24"]
[SourceQuality "1"]

1. e4 c5 2. Nc3 Nc6 3. Nf3 e6 4. d4 cxd4 5. Nxd4 Qc7 6. Be3 a6 7. Qd2 Nf6 8. 0-0-0 Be7 9. f3 b5 10. g4 Nxd4 11. Qxd4 Bb7 12. g5 Nh5 13. Kb1 Rc8 14. Qd2 b4 15. Na4 0-0 16. b3 d5 1/2-1/2

[Event "FICGS rapid M 000075 email"]
[Site "FICGS email"]
[Date "2014.11.07"]
[Round "1"]
[White "Moormann, Joerg"]
[Black "Teverovski, Bogoljub"]
[Result "1/2-1/2"]
[WhiteElo "2115"]
[BlackElo "2104"]
[PlyCount "52"]
[EventDate "2014.??.??"]
[EventType "tourn (rapid)"]
[EventRounds "6"]
[SourceTitle "Corr 2022"]
[Source "ChessBase"]
[SourceDate "2021.10.24"]
[SourceVersion "1"]
[SourceVersionDate "2021.10.24"]
[SourceQuality "1"]

1. e4 c5 2. Nf3 Nc6 3. Nc3 e6 4. d4 cxd4 5. Nxd4 Qc7 6. Be3 Nf6 7. f4 d6 8. Qf3 Bd7 9. 0-0-0 a6 10. g4 Nxd4 11. Rxd4 e5 12. Rc4 Bxg4 13. Qg3 Qd7 14. fxe5 dxe5 15. Qxe5+ Qe6 16. Qxe6+ Bxe6 17. Rc7 b5 18. e5 Ng4 19. Bg2 Rc8 20. Rxc8+ Bxc8 21. Bd4 Be7 22. Bc6+ Bd7 23. Bb7 a5 24. Rg1 Bg5+ 25. Kb1 h5 26. Ne4 Bf4 1/2-1/2

[Event "FICGS W-ch st1 g07 email"]
[Site "FICGS email"]
[Date "2014.11.01"]
[Round "1"]
[White "Valentin, Laurentiu"]
[Black "Moormann, Joerg"]
[Result "0-1"]
[WhiteElo "1440"]
[BlackElo "2115"]
[PlyCount "30"]
[EventDate "2014.??.??"]
[EventType "tourn (corr)"]
[EventRounds "8"]
[SourceTitle "Corr 2022"]
[Source "ChessBase"]
[SourceDate "2021.10.24"]
[SourceVersion "1"]
[SourceVersionDate "2021.10.24"]
[SourceQuality "1"]

1. e4 e5 2. f4 exf4 3. Nf3 g5 4. Bc4 Bg7 5. 0-0 h6 6. d4 d6 7. Nc3 Nc6 8. Bb5 a6 9. Ba4 Bd7 10. a3 Nf6 11. b4 0-0 12. Bb3 g4 13. Ne1 Nxe4 14. Nxe4 Bxd4+ 15. Kh1 Bxa1 0-1

[Event "CP-2014-P-00001"]
[Site "LSS email"]
[Date "2014.09.30"]
[Round "?"]
[White "Bieszk, Stanislaw"]
[Black "Moormann, Joerg"]
[Result "0-1"]
[WhiteElo "893"]
[BlackElo "2353"]
[PlyCount "46"]
[EventDate "2014.10.01"]
[EventType "tourn (corr)"]
[EventRounds "6"]
[EventCountry "GER"]
[SourceTitle "Corr 2022"]
[Source "ChessBase"]
[SourceDate "2021.10.24"]
[SourceVersion "1"]
[SourceVersionDate "2021.10.24"]
[SourceQuality "1"]

1. e4 e5 2. Nf3 Nc6 3. Bb5 a6 4. Ba4 Nf6 5. 0-0 Be7 6. Re1 b5 7. Bb3 d6 8. c3 0-0 9. h3 Na5 10. Bc2 c5 11. d3 Nc6 12. Nbd2 Re8 13. Nf1 h6 14. Be3 d5 15. exd5 Nxd5 16. a4 Be6 17. axb5 axb5 18. Ng3 Nxe3 19. fxe3 Rxa1 20. Qxa1 Qc7 21. Qa6 Rb8 22. b3 Na5 23. Rb1 Bc8 0-1

[Event "CP-2014-P-00001"]
[Site "LSS email"]
[Date "2014.09.30"]
[Round "?"]
[White "Koehler, Josef"]
[Black "Moormann, Joerg"]
[Result "1/2-1/2"]
[WhiteElo "2159"]
[BlackElo "2353"]
[PlyCount "118"]
[EventDate "2014.10.01"]
[EventType "tourn (corr)"]
[EventRounds "6"]
[EventCountry "GER"]
[SourceTitle "Corr 2022"]
[Source "ChessBase"]
[SourceDate "2021.10.24"]
[SourceVersion "1"]
[SourceVersionDate "2021.10.24"]
[SourceQuality "1"]

1. Nf3 d5 2. g3 c6 3. Bg2 Nf6 4. 0-0 Bg4 5. d3 Nbd7 6. Nbd2 e5 7. e4 dxe4 8. dxe4 Bc5 9. h3 Bh5 10. Re1 Qc7 11. c4 a5 12. g4 Bg6 13. Nh4 Nf8 14. Qc2 Ne6 15. Ndf3 0-0 16. b3 Rfd8 17. Bb2 Nd7 18. Rad1 Bb4 19. Re3 f6 20. g5 Bh5 21. gxf6 gxf6 22. Nf5 Bc5 23. Ree1 Kh8 24. Kh1 Nf4 25. Qc1 Nxh3 26. Rf1 Bxf3 27. Bxf3 Bf8 28. Bg4 Nf4 29. Rg1 Ne6 30. Qc2 Ndc5 31. Ng3 Rxd1 32. Rxd1 Rd8 33. Nh5 Nd4 34. Qc1 Qe7 35. Qe3 Nce6 36. Qg3 Bh6 37. Qh4 Bg5 38. Qh3 Nc5 39. Ng3 b5 40. cxb5 cxb5 41. Kg1 b4 42. Qh5 Nde6 43. Rxd8+ Qxd8 44. Qf7 Qg8 45. Qe7 Qf8 46. Qa7 Ng7 47. Qxa5 Nd3 48. Ba1 h5 49. Bxh5 Nxh5 50. Nxh5 Bh4 51. Ng3 Qc8 52. Kh2 Nxf2 53. Nf5 Nd3 54. Bxe5 Nxe5 55. Nxh4 Qc2+ 56. Ng2 Qxe4 57. a3 bxa3 58. Qxa3 Qc6 59. Qb4 Kg8 1/2-1/2

[Event "CP-2014-P-00001"]
[Site "LSS email"]
[Date "2014.09.30"]
[Round "?"]
[White "Van Esbroeck, Jeff"]
[Black "Moormann, Joerg"]
[Result "0-1"]
[WhiteElo "611"]
[BlackElo "2353"]
[PlyCount "38"]
[EventDate "2014.10.01"]
[EventType "tourn (corr)"]
[EventRounds "6"]
[EventCountry "GER"]
[SourceTitle "Corr 2022"]
[Source "ChessBase"]
[SourceDate "2021.10.24"]
[SourceVersion "1"]
[SourceVersionDate "2021.10.24"]
[SourceQuality "1"]

1. e4 c5 2. Nf3 d6 3. d4 cxd4 4. Nxd4 Nf6 5. Nc3 a6 6. Bg5 e6 7. Be2 Be7 8. 0-0 0-0 9. Nf3 b5 10. Bxf6 Bxf6 11. Qd2 Qc7 12. Rac1 Bb7 13. Bd3 Nd7 14. b4 Bxc3 15. Qe2 Rac8 16. Nd2 Bxb4 17. Nb3 d5 18. exd5 Bxd5 19. f3 Bd6 0-1

[Event "FICGS rapid A 000163 email"]
[Site "FICGS email"]
[Date "2014.07.17"]
[Round "1"]
[White "Alban, Alexis"]
[Black "Moormann, Joerg"]
[Result "1/2-1/2"]
[WhiteElo "2000"]
[BlackElo "2048"]
[PlyCount "54"]
[EventDate "2014.??.??"]
[EventType "tourn (rapid)"]
[EventRounds "6"]
[SourceTitle "Corr 2022"]
[Source "ChessBase"]
[SourceDate "2021.10.24"]
[SourceVersion "1"]
[SourceVersionDate "2021.10.24"]
[SourceQuality "1"]

1. d4 d5 2. c4 e6 3. Nc3 c6 4. e4 dxe4 5. Nxe4 Bb4+ 6. Bd2 Qxd4 7. Bxb4 Qxe4+ 8. Be2 Na6 9. Ba5 b6 10. Qd6 Bd7 11. Bc3 f6 12. Nf3 Nh6 13. Qa3 Nc5 14. Bd4 0-0 15. Bxc5 bxc5 16. 0-0-0 Be8 17. Qxc5 e5 18. Bd3 Qf4+ 19. Rd2 e4 20. Nd4 Qe5 21. Qxe5 fxe5 22. Ne6 exd3 23. Nxf8 Kxf8 24. Re1 Nf7 25. Rxd3 a5 26. c5 Rb8 27. Rb3 Rxb3 1/2-1/2